000 00587nam a2200157Ia 4500
008 170221s9999 xx 000 0 und d
100 _aAli A. Mohammed
245 _aPerformance Analysis of Amplify-and-Forward Cooperative Networks in Non-Identically Distributed Nakagami-m Channels with Best Relaying Selection
245 _cAli A. Mohammed, Li Yu, and Manar Al-Kali
260 _bJournal of Communications
260 _c2014
300 _a34 : 12
650 _xCommunication
650 _xMedia Arts
856 _uhttp://www.jocm.us/index.php?m=content&c=index&a=lists&catid=147
999 _c310879
_d310879